| 000 | 00545nam a2200169Ia 4500 | ||
|---|---|---|---|
| 008 | 151021s9999 xx 000 0 und d | ||
| 020 | _a9.7803124891e+012 | ||
| 050 | _aE173 .A72 2010 | ||
| 245 | _a_America Firsthand .-8th ed.Vol two Readings from reconstruction to the present Robert D.Marcus | ||
| 260 | _aNew York Bedfords/ST.Martin's 2010 | ||
| 300 | _axxii,362p.ill | ||
| 500 | _aIncludes index. | ||
| 500 | _aIncludes index. | ||
| 650 | _a_America firsthand | ||
| 700 | _a_David Burner | ||
| 980 | _a^d20130527 10:32:10^oanne | ||
| 999 |
_c13748 _d13748 |
||